| 000 | 01033nam a22002537a 4500 | ||
|---|---|---|---|
| 005 | 20090624143132.0 | ||
| 008 | 090624t xxu||||| |||| 00| 0 eng d | ||
| 010 | _aENG-94229 | ||
| 020 |
_a9788184570939 _c695.00 |
||
| 035 | _aEN-77762 | ||
| 037 | _bDBAD / VEN | ||
| 040 |
_adpl _bEnglish |
||
| 082 | _a647.94068 | ||
| 100 | _aMirajkar, Mridula | ||
| 245 |
_aHotel management: _cby Mridula Mirajkar _bmarketing, sales and accounting / |
||
| 260 |
_aNew Delhi _bKanishka Publishers, Distributors _c2008 |
||
| 270 |
_a4697/5-21A, Ansari Road, Darya Ganj, _bNew Delhi _e110002 |
||
| 300 |
_aviii, 272p. _c22cm(Hb) |
||
| 500 | _aIncludes bibliographical references and index | ||
| 650 | _aHotel management | ||
| 942 |
_2ddc _cEN _mMIR _h647.94068 |
||
| 999 |
_c27849 _d27849 |
||